| 000 | 00000nam 2200000za 4500 |
| 001 | 9.855880 |
| 003 | CaOODSP |
| 005 | 20241203113642 |
| 007 | cr ||||||||||| |
| 008 | 180426s1987 bcc #ot f|0| 0 eng d |
| 020 | |z0-662-15449-5 |
| 040 | |aCaOODSP|beng |
| 041 | |aeng|bfre |
| 043 | |an-cn-bc |
| 086 | 1 |aCW69-5/23E-PDF |
| 100 | 1 |aSavard, J.-P. L. |
| 245 | 10|aStatus report on Barrow's Goldeneye |h[electronic resource] / |cJean-Pierre L. Savard. |
| 260 | |aDelta, B. C. : |bPacific and Yukon Region, Canadian Wildlife Service, Environment Canada, |c1987. |
| 300 | |avii, 57 p. : |bfigures, maps. |
| 490 | 1 |aTechnical report series ; |vno. 23 |
| 500 | |aDigitized edition from print [produced by Environment and Climate Change Canada]. |
| 504 | |aIncludes bibliographic references. |
| 520 | 3 |a"Over 60% of the world population of Barrow's Goldeneye breed and winter in British Columbia. The status of each Canadian population is undetermined, as no reliable monitoring scheme exists"--Abstract, p. i. |
| 546 | |aIncludes abstract in French. |
| 692 | 07|2gccst|aMigratory birds |
| 710 | 1 |aCanada. |bEnvironment Canada. |
| 710 | 2 |aCanadian Wildlife Service. |bPacific and Yukon Region. |
| 830 | #0|aTechnical report series (Canadian Wildlife Service)|vno. 23|w(CaOODSP)9.504438 |
| 856 | 40|qPDF|s2.91 MB|uhttps://publications.gc.ca/collections/collection_2018/eccc/cw69-5/CW69-5-23-eng.pdf |
| 986 | |aCW69-5/23E |